000 00327 a2200157 4500
001 155534
040 _cEscola São Tomás de Aquino
100 _aNICOLA, José de
240 1 0 _alíngua
_lpor
245 1 0 _alíngua
300 _a392
362 0 _a2009
440 1 _aScipione
697 _aLíngua portuguesa
942 _cBK
999 _c155534
_d155534